000 00973cam a2200253 4500
008 090401t1997 xxu||||| |||| 00| 0 eng d
020 _a0717613321
035 _a(Sirsi) u82367
041 _aeng
050 _a692.21
110 _aGreat Britain
_bHealth and Safety Executive
245 _aFire safety in construction.
260 _aSudbury, Suffolk
_bHSE Books
_c1997
300 _aviii,48p. : ill. ; 30cm.
350 _a8.95
490 _aHSE Health and Safety Guidance
_v168
520 _aAimed at those responsible for the development, management and application of fire safety standards on construction sites, this publication provides guidance on fire prevention and precautions as well as safety procedures.
520 _aSuperseded by second edition (ISBN 9780717663453).
650 _aCONSTRUCTION SITES
650 _aMANAGEMENT-HEALTH AND SAFETY-FIRE SAFETY
690 _aBUILT ENVIRONMENT-BUILDING STANDARDS
942 _n0
948 _c27/11/1997
999 _c96779
_d96779